Adobe Dreamweaver CS5 digital classroom / (Record no. 615178)

000 -LEADER
fixed length control field 01988cam a22004577a 4500
001 - CONTROL NUMBER
control field 16065893
005 - DATE AND TIME OF LATEST TRANSACTION
control field 20251015135828.0
008 - FIXED-LENGTH DATA ELEMENTS--GENERAL INFORMATION
fixed length control field 100122s2009 inua 001 0 eng d
010 ## - LIBRARY OF CONGRESS CONTROL NUMBER
LC control number 2010921236
016 7# - NATIONAL BIBLIOGRAPHIC AGENCY CONTROL NUMBER
Record control number 015619975
Source Uk
020 ## - INTERNATIONAL STANDARD BOOK NUMBER
International Standard Book Number 9780470607749
Qualifying information pbk.
020 ## - INTERNATIONAL STANDARD BOOK NUMBER
International Standard Book Number 0470607742
Qualifying information pbk.
035 ## - SYSTEM CONTROL NUMBER
System control number 16065893
035 ## - SYSTEM CONTROL NUMBER
System control number (OCoLC)646309284
040 ## - CATALOGING SOURCE
Original cataloging agency IMD
Transcribing agency IMD
Modifying agency SINLB
-- NUI
-- YDXCP
-- WEA
-- BTCTA
-- UKMGB
-- DLC
042 ## - AUTHENTICATION CODE
Authentication code lccopycat
050 00 - LIBRARY OF CONGRESS CALL NUMBER
Classification number TK5105.8885.D74
Item number O83 2009
082 04 - DEWEY DECIMAL CLASSIFICATION NUMBER
Classification number 006.78
Edition number 22
Author Mark OSB
100 1# - MAIN ENTRY--PERSONAL NAME
Personal name Osborn, Jeremy.
9 (RLIN) 131180
245 10 - TITLE STATEMENT
Title Adobe Dreamweaver CS5 digital classroom /
Statement of responsibility, etc. Jeremy Osborn and AGI Creative Team with Greg Heald.
246 3# - VARYING FORM OF TITLE
Title proper/short title Adobe Dreamweaver cascading style 5 digital classroom
246 30 - VARYING FORM OF TITLE
Title proper/short title Dreamweaver CS5 digital classroom
246 3# - VARYING FORM OF TITLE
Title proper/short title Dreamweaver cascading style 5 digital classroom
260 ## - PUBLICATION, DISTRIBUTION, ETC.
Place of publication, distribution, etc. Indianapolis, IN :
Name of publisher, distributor, etc. Wiley Publishing,
Date of publication, distribution, etc. c2009.
300 ## - PHYSICAL DESCRIPTION
Extent xix, 440 p. :
Other physical details ill. (chiefly col.) ;
Dimensions 24 cm. +
Accompanying material 1 DVD-ROM (1 computer optical disc : sd., col. ; 4 3/4 in.).
336 ## - CONTENT TYPE
Content type term text
Content type code txt
Source rdacontent
337 ## - MEDIA TYPE
Media type term unmediated
Media type code n
Source rdamedia
338 ## - CARRIER TYPE
Carrier type term volume
Carrier type code nc
Source rdacarrier
500 ## - GENERAL NOTE
General note "A complete training package! Full-color, step-by-step instructional book ; Video training from Adobe Certified experts ; Tutorials and lesson files on companion DVD'--Cover.
500 ## - GENERAL NOTE
General note "Part #978KPART15426 ; DVD ID #MD04610A"--Disc surface.
500 ## - GENERAL NOTE
General note Includes index.
630 00 - SUBJECT ADDED ENTRY--UNIFORM TITLE
Uniform title Dreamweaver (Computer file)
9 (RLIN) 131181
650 #0 - SUBJECT ADDED ENTRY--TOPICAL TERM
Topical term or geographic name entry element Web sites
General subdivision Authoring programs.
9 (RLIN) 97452
650 #0 - SUBJECT ADDED ENTRY--TOPICAL TERM
Topical term or geographic name entry element Web site development.
9 (RLIN) 55643
650 #0 - SUBJECT ADDED ENTRY--TOPICAL TERM
Topical term or geographic name entry element Web sites
General subdivision Design.
9 (RLIN) 18036
700 1# - ADDED ENTRY--PERSONAL NAME
Personal name Heald, Greg.
9 (RLIN) 131182
906 ## - LOCAL DATA ELEMENT F, LDF (RLIN)
a 7
b cbc
c copycat
d 2
e epcn
f 20
g y-gencatlg
942 ## - ADDED ENTRY ELEMENTS (KOHA)
Source of classification or shelving scheme
Koha item type Book
Holdings
Withdrawn status Lost status Source of classification or shelving scheme Damaged status Not for loan Permanent Location Current Location Shelving location Date acquired Total Checkouts Full call number Barcode Date last seen Price effective from Koha item type
          Central Library (CL) Central Library (CL) Lincoln Corner 10/15/2025   006.78 OSB LC-493 10/15/2025 10/15/2025 Book
© 2023 Central Library, National University of Sciences and Technology. All Rights Reserved.